The self-portraits of Francisco Goya / (Record no. 18517)

000 -LEADER
fixed length control field 01253cam a22002774a 4500
001 - CONTROL NUMBER
control field 11923052
003 - CONTROL NUMBER IDENTIFIER
control field OSt
005 - DATE AND TIME OF LATEST TRANSACTION
control field 20161221155422.0
008 - FIXED-LENGTH DATA ELEMENTS--GENERAL INFORMATION
fixed length control field 000225s2001 enkaf b 001 0deng
010 ## - LIBRARY OF CONGRESS CONTROL NUMBER
LC control number 00027756
020 ## - INTERNATIONAL STANDARD BOOK NUMBER
International Standard Book Number 0521771366 (hb)
040 ## - CATALOGING SOURCE
Original cataloging agency DLC
Transcribing agency DLC
Modifying agency DLC
042 ## - AUTHENTICATION CODE
Authentication code pcc
050 00 - LIBRARY OF CONGRESS CALL NUMBER
Classification number ND813
Item number .G56 2000
100 1# - MAIN ENTRY--PERSONAL NAME
Personal name Ciofalo, John J.,
Dates associated with a name 1957-
245 14 - TITLE STATEMENT
Title The self-portraits of Francisco Goya /
Statement of responsibility, etc. John J. Ciofalo.
260 ## - PUBLICATION, DISTRIBUTION, ETC. (IMPRINT)
Place of publication, distribution, etc. Cambridge ;
-- New York :
Name of publisher, distributor, etc. Cambridge University Press,
Date of publication, distribution, etc. 2001.
300 ## - PHYSICAL DESCRIPTION
Extent xiii, 240 p., [8] p. of plates :
Other physical details ill. (some col.) ;
Dimensions 27 cm.
504 ## - BIBLIOGRAPHY, ETC. NOTE
Bibliography, etc Includes bibliographical references (p. 185-226) and index.
600 10 - SUBJECT ADDED ENTRY--PERSONAL NAME
Personal name Goya, Francisco,
Dates associated with a name 1746-1828
Form subdivision Self-portraits.
856 42 - ELECTRONIC LOCATION AND ACCESS
Materials specified Publisher description
Uniform Resource Identifier <a href="http://www.loc.gov/catdir/description/cam021/00027756.html">http://www.loc.gov/catdir/description/cam021/00027756.html</a>
856 41 - ELECTRONIC LOCATION AND ACCESS
Materials specified Table of contents
Uniform Resource Identifier <a href="http://www.loc.gov/catdir/toc/cam024/00027756.html">http://www.loc.gov/catdir/toc/cam024/00027756.html</a>
942 ## - ADDED ENTRY ELEMENTS (KOHA)
Source of classification or shelving scheme
Koha item type Hard Covered Materials
Classification part ND 813 .G56 2000
Holdings
Withdrawn status Lost status Source of classification or shelving scheme Damaged status Not for loan Home library Current library Shelving location Date acquired Source of acquisition Total Checkouts Full call number Barcode Date last seen Price effective from Koha item type
          MACHAKOS UNIVERSITY LIBRARY MACHAKOS UNIVERSITY LIBRARY Technical section 21/12/2016 Donation(BFA)   ND 813 .G56 2000 29105 13/07/2018 21/12/2016 Hard Covered Materials
© Machakos University Library, Along The Highway, Machakos Wote Rd, Machakos, Kenya P.O. Box 136 - 90100 Machakos - Kenya

Tel: ( +254 ) 723 805829 OR Fax : 044-20353 OR Email: library@mksu.ac.ke